Wszystkie państwa na literę P - Statystyki

Ogólne statystyki
  • Ten quiz został rozwiązany 72 razy
  • Średni wynik to 7 z 9
Statystyki odpowiedzi
Państwo % Poprawnych
Polska
97%
Portugalia
94%
Pakistan
81%
Panama
81%
Paragwaj
81%
Peru
81%
Papua Nowa Gwinea
70%
Palau
63%
Palestyna
38%
Nie znaleziono quizów pasujących do podanych kryteriów
Rozkład punktacji
Procent ludzi z każdym wynikiem
Percentyl według liczby udzielonych odpowiedzi
Twoja historia wyników
Nie rozwiązałeś tego quizu